000 00661cam a22002413a 4500
001 1299
003 PGUSA
005 20140828082959.0
008 980501s1998||||xxu|||||s|||||000 1 eng d
040 _aPGUSA
_beng
042 _adc
050 4 _aPS
100 1 _aBower, B. M.,
_d1874-1940
245 1 4 _aThe Heritage of the Sioux
_h[electronic resource] /
_cB. M. Bower
260 _bProject Gutenberg,
_c1998
506 _aPublic domain in the USA.
516 _aElectronic text
653 _aWestern stories
653 _aDakota Indians -- Fiction
830 0 _aProject Gutenberg
_v1299
856 4 0 _uhttp://www.gutenberg.org/ebooks/1299
942 _cEB
999 _c230647
_d230647